US presidents that were not buried in the USA - Statistics

General Stats
  • This quiz has been taken 25 times
  • The average score is 4 of 5
Answer Stats
Answer % Correct
George W. Bush
100%
Barack Obama
82%
Donald Trump
82%
Bill Clinton
77%
Joe Biden
77%
No matching quizzes found
Score Distribution
Percent of People with Each Score
Percentile by Number Answered
Your Score History
You have not taken this quiz